Artificial Intelligence: A Practical Approach (Record no. 12568)
[ view plain ]
| 000 -LEADER | |
|---|---|
| fixed length control field | 00431nam a22001697a 4500 |
| 003 - CONTROL NUMBER IDENTIFIER | |
| control field | OSt |
| 008 - FIXED-LENGTH DATA ELEMENTS--GENERAL INFORMATION | |
| fixed length control field | 240427b |||||||| |||| 00| 0 eng d |
| 020 ## - INTERNATIONAL STANDARD BOOK NUMBER | |
| International Standard Book Number | 9788121939485 |
| 082 ## - DEWEY DECIMAL CLASSIFICATION NUMBER | |
| Classification number | 006.33 CHA |
| 100 ## - MAIN ENTRY--PERSONAL NAME | |
| Personal name | CHOPRA, Rajiv |
| 245 ## - TITLE STATEMENT | |
| Title | Artificial Intelligence: A Practical Approach |
| 250 ## - EDITION STATEMENT | |
| Edition statement | Revised ed. |
| 260 ## - PUBLICATION, DISTRIBUTION, ETC. (IMPRINT) | |
| Place of publication, distribution, etc | New Delhi, |
| Name of publisher, distributor, etc | S Chand and Company Limited, |
| Date of publication, distribution, etc | 2023 |
| 300 ## - PHYSICAL DESCRIPTION | |
| Extent | 392 p. |
| 650 ## - SUBJECT ADDED ENTRY--TOPICAL TERM | |
| Topical term or geographic name as entry element | ECE |
| 942 ## - ADDED ENTRY ELEMENTS (KOHA) | |
| Source of classification or shelving scheme | Dewey Decimal Classification |
| Koha item type | Text Books |
| Withdrawn status | Lost status | Source of classification or shelving scheme | Damaged status | Not for loan | Collection code | Home library | Current library | Date acquired | Source of acquisition | Currency | Cost, normal purchase price | Bill Number | Total Checkouts | Full call number | Acc. no. / Barcode | Date last seen | Actual Cost, discounted price | Bill Date | Koha item type | Date last borrowed |
|---|---|---|---|---|---|---|---|---|---|---|---|---|---|---|---|---|---|---|---|---|
| Dewey Decimal Classification | B.Tech(ECE) | PIET C-LIBRARY | PIET C-LIBRARY | 23/03/2024 | Zafaa Books & Distributors | In Rupees | 450.00 | ZBD0462 | 006.33 CHA | 36636 | 27/04/2024 | 315.00 | 23/03/2024 | Reference Books | ||||||
| Dewey Decimal Classification | B.Tech(ECE) | PIET C-LIBRARY | PIET C-LIBRARY | 23/03/2024 | Zafaa Books & Distributors | In Rupees | 450.00 | ZBD0462 | 006.33 CHA | 36637 | 27/04/2024 | 315.00 | 23/03/2024 | Text Books | ||||||
| Dewey Decimal Classification | B.Tech(ECE) | PIET C-LIBRARY | PIET C-LIBRARY | 23/03/2024 | Zafaa Books & Distributors | In Rupees | 450.00 | ZBD0462 | 006.33 CHA | 36638 | 27/04/2024 | 315.00 | 23/03/2024 | Text Books | ||||||
| Dewey Decimal Classification | B.Tech(ECE) | PIET C-LIBRARY | PIET C-LIBRARY | 23/03/2024 | Zafaa Books & Distributors | In Rupees | 450.00 | ZBD0462 | 006.33 CHA | 36639 | 27/04/2024 | 315.00 | 23/03/2024 | Text Books | ||||||
| Dewey Decimal Classification | B.Tech(ECE) | PIET C-LIBRARY | PIET C-LIBRARY | 23/03/2024 | Zafaa Books & Distributors | In Rupees | 450.00 | ZBD0462 | 1 | 006.33 CHA | 36640 | 22/05/2025 | 315.00 | 23/03/2024 | Text Books | 13/03/2025 |